LEADER 00819naa a2200145 i 4500 001 000000307198 003 CaOOAMICUS 005 20180831172911.0 008 180831n xx u000 u ger u 013 $a15887 040 $aSeMil$bita 100 1 $aMigsch, Herbert.$0(OLS)http://semarc/name/87743 245 14$aDas Jeremiabuch in der delfter Bibel (1477): eine nach del Gutenbergbibel revidierte mittelniederländische Übersetzung des Bibelvertaler van 1360. 773 0 $tInfant milk or hardy nourishment?.$dLeuven [etc] : Uitgeverij Peeters, 2009.$kBibliotheca Ephemeridum Theologicarum Lovaniensium$z978-90-429-2144-3$gp.19-49$w()182364 996 $6245$aDas Jeremiabuch in der delfter Bibel (1477): eine nach del Gutenbergbibel revidierte mittelniederländische Übersetzung des Bibelvertaler van 1360$9(OLS)http://semarc/title/382576 LEADER 00862nam a2200229 i 4500 001 000000200954 003 CaOOAMICUS 005 20240516095347.0 008 110415s19uu it u000 u ita u 013 $a179655 040 $aSeMil$bita 100 1 $aFriedmann Coduri, Teresita.$0(OLS)http://semarc/name/72654 245 13$aIl divorzio nella letteratura straniera /$cTeresita Friedmann Coduri. 260 $a[S.l. :$bs.n.,$c190?] 300 $aP. 72-88 ;$c24 cm. 500 $aEstratto da «La rassegna nazionale», vol. 127. 773 0 $t[Miscellanea.$w()24781 850 $aSeMil 852 $aSeMil$W1$xVenegono$y1$m5A II 27/6 FA$j248065$B151483$CSeMilBibl$Z2$F162703 $8I 996 $6245$aIl divorzio nella letteratura straniera$9(OLS)http://semarc/title/290724 996 $6260$a[S.l. :$bs.n.$9(OLS)http://semarc/publisher/31686